00746nam a2200193 a 450000100060000000300080000600500170001400800410003103500190007204000670009104100080015808200300016624501740019624600220037026000610039230000300045365000420048370000270052546975BD-RjUL20211209054235.0160806s1967 pk r 0 a0eng  a(BD-RjUL)47094 aDLCcMULdCOOdDLCdHULdNSDdCRLdDLCdOCLdEQOdBD-RjULbeng aeng00a348.5491046223bPAK 196700aPakistan annual law digest : ba yearly publication containing digest of cases reported in important legal journals during the year -1967- /ceditor Kameruddin Bin Abbas17aAnnual law digest aLahore : bPakistan Annual Law Digest Office, c[1967 ?] alxxxlx, 574 p. ; c25 cm. 0aLaw reports, digests, etc.zPakistan. aAbbas, Kameruddin Bin